000 00245nam a2200097Ia 4500
001 798444
005 20250826170827.0
008 250824s9999 xx 000 0 und d
245 0 _aDOST KAYIĞI
_cBİLAL SAMİ GÖKDEMİR
260 _bPANAMA YAYINLARI
999 _c798444
_d798444